000 00797nam a2200181Ia 4500
008 100920s9999 xx 000 0 und d
082 _b67797
_a28 व 539 थ 94
100 _aकुकडे सुमती.
245 _aआजारी मुलांचा आजारपणातील आहार.
260 _bमधुराज पब्लिकेशन्स प्रायव्हेट लिमिटेड, पुणे 2.
_c1994
300 _a96
_bसाधी
365 _b30
520 _aबा.वि.शाअ.
630 _aआजारी मुलांचा आजारपणातील आहार.
650 _aबा.वि.शाअ.
730 _aआजारी मुलांचा आजारपणातील आहार.
942 _cBOOK
999 _c710217
_d710214